Statystyki dla Państwa nad Zatoką Perską z mapą

Kliknij tutaj aby rozwiązać quiz!

Ogólne statystyki

  • Ten quiz został rozwiązany 15 274 razy
  • Średni wynik to 7 z 8

Odpowiedzi na mapie

Odpowiedzi skodowane kolorowo w zielono-czerwonej skali na mapie do tego quizu, zgodnie z poniższymi procentami.
 

Statystyki odpowiedzi

Państwo% Poprawnych
Arabia Saudyjska
98%
Iran
97%
Katar
95%
Zjednoczone Emiraty Arabskie
94%
Irak
93%
Oman
92%
Kuwejt
86%
Bahrajn
82%

Rozkład punktacji

Percentyl według liczby udzielonych odpowiedzi

Procent ludzi z każdym wynikiem

Twoja historia wyników

Nie rozwiązałeś tego quizu